<?xml version="1.0" encoding="UTF-8"?><?xml-stylesheet type="text/xsl" href="static/style.xsl"?><OAI-PMH xmlns="http://www.openarchives.org/OAI/2.0/" xmlns:xsi="http://www.w3.org/2001/XMLSchema-instance" xsi:schemaLocation="http://www.openarchives.org/OAI/2.0/ http://www.openarchives.org/OAI/2.0/OAI-PMH.xsd"><responseDate>2026-04-13T01:49:02Z</responseDate><request verb="GetRecord" identifier="oai:www.recercat.cat:2072/377539" metadataPrefix="marc">https://recercat.cat/oai/request</request><GetRecord><record><header><identifier>oai:recercat.cat:2072/377539</identifier><datestamp>2024-12-20T11:49:47Z</datestamp><setSpec>com_2072_199267</setSpec><setSpec>com_2072_4427</setSpec><setSpec>col_2072_199862</setSpec></header><metadata><record xmlns="http://www.loc.gov/MARC21/slim" xmlns:dcterms="http://purl.org/dc/terms/" xmlns:xsi="http://www.w3.org/2001/XMLSchema-instance" xmlns:doc="http://www.lyncode.com/xoai" xsi:schemaLocation="http://www.loc.gov/MARC21/slim http://www.loc.gov/standards/marcxml/schema/MARC21slim.xsd">
   <leader>00925njm 22002777a 4500</leader>
   <datafield ind2=" " ind1=" " tag="042">
      <subfield code="a">dc</subfield>
   </datafield>
   <datafield ind2=" " ind1=" " tag="720">
      <subfield code="a">Ortiz-Gracia, L.</subfield>
      <subfield code="e">author</subfield>
   </datafield>
   <datafield ind2=" " ind1=" " tag="260">
      <subfield code="c">2014-01-01</subfield>
   </datafield>
   <datafield ind2=" " ind1=" " tag="520">
      <subfield code="a">We present new formulae for the valuation of synthetic collateralized debt obligation (CDO) tranches under the one-factor Gaussian copula model. These formulae are based on the wavelet theory and the method used is called WA$ ^{[a,b]}$ . We approximate the cumulative distribution function (CDF) of the underlying pool by a finite combination of $ j$ th order B-spline basis, where the B-spline basis of order zero is typically called a Haar basis. We provide an error analysis and we show that for this type of distributions, the accuracy in the approximation is the same regardless of the order of the B-spline basis employed. The resulting formula for the Haar basis case is much easier to implement and performs better than the formula for the B-spline basis of order one in terms of computational time. The numerical experiments confirm the impressive speed and accuracy of the WA$ ^{[a,b]}$ method equipped with a Haar basis, independently of the inhomogeneity features of the underlying pool. The method appears to be particularly fast for multiple tranche valuation.</subfield>
   </datafield>
   <datafield ind1="8" ind2=" " tag="024">
      <subfield code="a">http://hdl.handle.net/2072/377539</subfield>
   </datafield>
   <datafield ind2="0" ind1="0" tag="245">
      <subfield code="a">Efficient wavelets-based valuation of synthetic CDO tranches</subfield>
   </datafield>
</record></metadata></record></GetRecord></OAI-PMH>